| 000 | 00429nam a2200181Ia 4500 | ||
|---|---|---|---|
| 008 | 170918s9999 xx 000 0 und d | ||
| 020 | _a9780545447850 | ||
| 050 | _bL185in 2011 | ||
| 100 | _aLai, Thanhha | ||
| 245 | _aInside out & back again / | ||
| 245 | _cby Thanhha Lai. | ||
| 260 | _aNew York : | ||
| 260 | _bScholastic, | ||
| 260 | _c2011 | ||
| 300 | _a262 pages : | ||
| 300 | _billustrations ; | ||
| 300 | _c19cm. | ||
| 999 |
_c343983 _d343983 |
||